[Event "21st Czech GM Open"]
[Site "Pardubice CZE"]
[Date "2010.07.25"]
[Round "3"]
[White "Zadruzny,N"]
[Black "Mikhalevski,A"]
[Result "0-1"]
[WhiteElo "2253"]
[BlackElo "2437"]
[EventDate "2010.07.23"]

1. d4 d5 2. Nc3 Nf6 3. Bg5 Nbd7 4. Qd3 h6 5. Bh4 e6 6. e4 Bb4 7. exd5 exd5
8. O-O-O Be7 9. Nf3 O-O 10. Ne5 c6 11. f4 Nxe5 12. dxe5 Ng4 13. Bxe7 Qxe7
14. Rd2 Qc5 15. Nd1 f6 16. h3 fxe5 17. hxg4 Rxf4 18. Qg6 Bxg4 19. g3 Bf5
20. Qh5 Bg4 21. Qxe5 Re4 22. Qc3 Qxc3 23. bxc3 Re1 24. Bg2 Rae8 25. Kb2
Rxh1 26. Bxh1 Re1 27. Nf2 Bf5 28. Bg2 Rg1 29. Nd3 Be4 30. Bxe4 dxe4 31. Ne5
Rxg3 32. Re2 h5 33. Rxe4 g5 34. Rb4 h4 35. Rg4 Rxg4 36. Nxg4 Kg7 37. Kc1
Kg6 38. Kd2 Kf5 39. Nh6+ Kf4 40. Ke2 g4 41. Kf2 h3 42. Nf7 g3+ 43. Kg1 b5
44. Nd6 Kf3 45. a3 a5 46. c4 bxc4 0-1

[Event "21st Czech GM Open"]
[Site "Pardubice CZE"]
[Date "2010.07.25"]
[Round "3"]
[White "Mattick,L"]
[Black "Schmidt Schaeffer,S"]
[Result "1-0"]
[WhiteElo "2248"]
[BlackElo "2431"]
[EventDate "2010.07.23"]

1. d4 f5 2. g3 Nf6 3. Bg2 e6 4. c4 d5 5. Nc3 c6 6. Nf3 Bd6 7. O-O O-O 8.
Qc2 Ne4 9. Rb1 a5 10. a3 Qe7 11. b4 axb4 12. axb4 Bd7 13. b5 dxc4 14. Nxe4
fxe4 15. Qxe4 cxb5 16. Ng5 Rf5 17. Qxb7 Ra2 18. e4 Rf8 19. e5 Bb4 20. d5
Bc5 21. Bf4 Ra7 22. d6 Qe8 23. Qe4 g6 24. Be3 Bxe3 25. Qxe3 Ra2 26. Ne4 Kg7
27. Ra1 Rb2 28. Ra7 Qd8 29. Nf6 Rf7 30. Qd4 Rb3 31. Qh4 Kh8 32. Be4 Nc6 33.
Bxc6 1-0

[Event "21st Czech GM Open"]
[Site "Pardubice CZE"]
[Date "2010.07.25"]
[Round "3"]
[White "Umudova,N"]
[Black "Seger,R"]
[Result "0-1"]
[WhiteElo "2239"]
[BlackElo "2429"]
[EventDate "2010.07.23"]

1. e4 c6 2. d4 d5 3. Nc3 dxe4 4. Nxe4 Nf6 5. Nxf6+ exf6 6. c3 Bd6 7. Bd3
O-O 8. Ne2 Re8 9. O-O Qc7 10. Ng3 g6 11. c4 f5 12. f4 Nd7 13. Bd2 Nf6 14.
Qf3 Bd7 15. Kh1 Rad8 16. Bc3 Ng4 17. Rae1 Rxe1 18. Bxe1 Re8 19. Bd2 h5 20.
d5 cxd5 21. cxd5 Qc5 22. b4 Qd4 23. Ne2 Qb2 24. Bc3 Qa3 25. Bd4 Ne3 26. Nc3
Nxf1 27. Qxf1 Qxb4 28. Qf2 b6 29. Qd2 Bf8 30. a3 Qxa3 31. h3 Bg7 32. Bxg7
Kxg7 33. d6 Qa1+ 0-1

[Event "21st Czech GM Open"]
[Site "Pardubice CZE"]
[Date "2010.07.25"]
[Round "3"]
[White "Furman,Bo"]
[Black "Blomqvist,E"]
[Result "1/2-1/2"]
[WhiteElo "2237"]
[BlackElo "2407"]
[EventDate "2010.07.23"]

1. d4 Nf6 2. c4 g6 3. Nc3 d5 4. Bg5 Ne4 5. Bh4 Nxc3 6. bxc3 dxc4 7. Qa4+
Qd7 8. Qxc4 b6 9. e3 Ba6 10. Qb3 Bxf1 11. Kxf1 Bg7 12. Nf3 O-O 13. Ke2 Nc6
14. Rhd1 Rfe8 15. Qa4 Qd5 16. Rac1 e5 17. Kf1 Qe4 18. Qc2 Qg4 19. h3 Qc8
20. Qa4 Qb7 21. d5 Ne7 22. Bxe7 Rxe7 23. c4 e4 24. Nd4 Bxd4 25. Rxd4 Rd8
26. c5 bxc5 27. Rxc5 Rd6 28. Rc6 Qb1+ 29. Rd1 Qb7 30. Rd4 Qb1+ 31. Rd1 Qb7
1/2-1/2

[Event "21st Czech GM Open"]
[Site "Pardubice CZE"]
[Date "2010.07.25"]
[Round "3"]
[White "Ageichenko,G"]
[Black "Kaufeld,J"]
[Result "0-1"]
[WhiteElo "2402"]
[BlackElo "2270"]
[EventDate "2010.07.23"]

1. d4 d5 2. Nf3 Nf6 3. c4 c6 4. Nc3 dxc4 5. a4 Bf5 6. e3 e6 7. Bxc4 Bb4 8.
O-O O-O 9. Qe2 Bg6 10. Ne5 Nbd7 11. Nxg6 hxg6 12. Rd1 Qa5 13. e4 e5 14. d5
Nb6 15. dxc6 bxc6 16. Bd2 Rad8 17. Bb3 Rd4 18. Rdc1 Rfd8 19. Be3 Rd3 20.
Bc2 R3d6 21. Bb3 Rd3 22. Rd1 Rxd1+ 23. Rxd1 Rxd1+ 24. Nxd1 Bc5 25. Bd2 Bb4
26. Nc3 Qc5 27. Be3 Qd6 28. h3 Bc5 29. a5 Nbd7 30. Bg5 Qd4 31. Bc4 Qd6 32.
Qc2 Qd4 33. Qe2 Qd6 34. Bb3 Qd4 35. Bc4 Qd6 36. Kf1 Bd4 37. Bd2 Nc5 38. b4
Bxc3 39. Bxc3 Ncxe4 40. Be1 Qd4 41. Qd3 Qxd3+ 42. Bxd3 Nd6 43. Bc3 e4 44.
Be2 Nb5 45. Bxf6 gxf6 46. f3 f5 47. fxe4 fxe4 48. Kf2 f5 49. Ke3 Kf7 50.
Kf4 Nd4 51. Bd1 Kf6 52. h4 Ne6+ 53. Ke3 Ke5 54. g3 Nc7 55. Bb3 Nd5+ 56. Kf2
Nxb4 57. Bf7 Kf6 58. Be8 Nd3+ 59. Ke3 Ne5 60. h5 Ke7 61. Bxg6 Nxg6 62. hxg6
Kf6 63. Kf4 c5 64. g4 fxg4 65. Kxg4 c4 66. Kf4 c3 0-1

[Event "21st Czech GM Open"]
[Site "Pardubice CZE"]
[Date "2010.07.25"]
[Round "3"]
[White "Dimitrijeski,K"]
[Black "Fernandez,Dan SIN"]
[Result "0-1"]
[WhiteElo "2229"]
[BlackElo "2401"]
[EventDate "2010.07.23"]

1. d4 g6 2. c4 Bg7 3. Nf3 d6 4. Nc3 Nd7 5. e4 b6 6. Be2 Bb7 7. O-O c5 8. d5
Ngf6 9. h3 O-O 10. Bf4 a6 11. a4 a5 12. Qd2 Ne8 13. Rfe1 Bc8 14. Bf1 Ne5
15. Nxe5 dxe5 16. Bh6 Bxh6 17. Qxh6 f6 18. Re3 Nd6 19. Rg3 Nf7 20. Qd2 Bd7
21. b3 Kg7 22. Be2 Rh8 23. Bg4 Bxg4 24. Rxg4 h5 25. Rg3 Qd7 26. Nb5 h4 27.
Rd3 Rh5 28. Qe3 Rhh8 29. Rad1 Rag8 30. Qf3 f5 31. Qe3 f4 32. Qe2 Ng5 33. f3
Rh5 34. Nc3 Nf7 35. R1d2 Kf8 36. Nd1 Rg5 37. Nf2 Rg3 38. Ng4 Ke8 39. Rd1
Qd6 40. Qb2 Rh8 41. Qc3 Rh5 42. Kh2 Kd8 43. R1d2 Kc7 44. Rd1 Qd8 45. R1d2
Kd6 46. Rd1 Qh8 47. R1d2 Ng5 48. Re2 Rh7 49. Red2 Rxg4 50. fxg4 Nxe4 51.
Qc1 Nxd2 52. Qxd2 e4 53. Qxf4+ Qe5 54. Qxe5+ Kxe5 55. Rd1 e3 56. g3 Ke4 57.
gxh4 e2 58. Ra1 Kf3 59. h5 gxh5 60. gxh5 Kf2 0-1

[Event "21st Czech GM Open"]
[Site "Pardubice CZE"]
[Date "2010.07.25"]
[Round "3"]
[White "Csiba,D"]
[Black "Berzina,I"]
[Result "1-0"]
[WhiteElo "2393"]
[BlackElo "2267"]
[EventDate "2010.07.23"]

1. e4 e5 2. Nf3 Nc6 3. d4 exd4 4. Nxd4 Nf6 5. Nxc6 bxc6 6. Bd3 d6 7. O-O
Be7 8. f4 O-O 9. Qf3 d5 10. e5 Ng4 11. Kh1 f6 12. exf6 Bxf6 13. Nc3 Rb8 14.
Nd1 Nh6 15. c3 Bg4 16. Qf2 Bh4 17. Qc2 Bf5 18. Ne3 Bxd3 19. Qxd3 Qd6 20. g3
Bf6 21. b3 Rfe8 22. Bd2 Re4 23. Nd1 Ng4 24. h3 Nh6 25. Nf2 Re7 26. Rae1
Rbe8 27. Rxe7 Rxe7 28. Kg2 Qd7 29. Re1 Rxe1 30. Bxe1 Qe6 31. Bd2 Nf5 32.
Ng4 Nd6 33. Be3 Ne4 34. Nxf6+ Qxf6 35. Bd4 Qe7 36. b4 a5 37. a3 a4 38. Be5
Nd6 39. Qa6 Nc4 40. Qa8+ Kf7 41. Qxc6 Nxa3 42. Qxa4 Nc4 43. Qc6 Nxe5 44.
Qxd5+ Kf8 45. fxe5 Qg5 46. h4 Qc1 47. Qd8+ Kf7 48. Qxc7+ Kg6 49. Qd6+ Kh5
50. Qd3 Kh6 51. g4 Qb2+ 52. Kh3 g6 53. Qf3 1-0

[Event "21st Czech GM Open"]
[Site "Pardubice CZE"]
[Date "2010.07.25"]
[Round "3"]
[White "Kjartansson,G"]
[Black "Otte,Marco"]
[Result "1-0"]
[WhiteElo "2384"]
[BlackElo "2258"]
[EventDate "2010.07.23"]

1. c4 c5 2. Nf3 Nf6 3. Nc3 d5 4. cxd5 Nxd5 5. g3 Nc6 6. Bg2 Nc7 7. O-O e5
8. d3 f6 9. Nd2 Bd7 10. Nc4 Be7 11. f4 b5 12. Bxc6 Bxc6 13. Na5 Bd7 14.
fxe5 fxe5 15. e4 g6 16. Bh6 Ne6 17. Nb3 Bc6 18. Qf3 Qb6 19. Nd5 Bxd5 20.
exd5 Ng5 21. Bxg5 Bxg5 22. Qf7+ Kd8 23. Na5 Qxa5 24. Qb7 1-0

[Event "21st Czech GM Open"]
[Site "Pardubice CZE"]
[Date "2010.07.25"]
[Round "3"]
[White "Orlov,E"]
[Black "Espig,L"]
[Result "1/2-1/2"]
[WhiteElo "2214"]
[BlackElo "2383"]
[EventDate "2010.07.23"]

1. e4 c5 2. Nc3 e6 3. f4 d5 4. Bb5+ Nc6 5. d3 Nf6 6. e5 Nd7 7. Nf3 Be7 8.
O-O O-O 9. Ne2 f6 10. Bxc6 bxc6 11. c4 Qc7 12. exf6 Bxf6 13. Ng3 Ba6 14.
Qe2 Rae8 15. Nh5 Bd8 16. Re1 g6 17. Ng3 Bf6 18. Ne5 Bg7 19. Rb1 g5 20. Nxd7
Qxd7 21. fxg5 dxc4 22. dxc4 Qd4+ 23. Be3 Bxc4 24. Bxd4 Bxd4+ 25. Kh1 Bxe2
26. Rxe2 Rf4 27. h3 Kf7 28. Ne4 Kg6 29. g3 Rf3 30. Kg2 Rd3 31. Rf1 a5 32.
h4 a4 33. Rf3 Rxf3 34. Kxf3 Rb8 35. Kg4 Rb4 36. h5+ Kg7 37. Kf3 c4 38. Rc2
Bxb2 39. Nc5 Kf7 40. Nxa4 Bf6 41. Nc5 Bxg5 42. a3 Rb5 43. Rxc4 Be7 44. Rf4+
Kg8 45. Nxe6 Rxh5 1/2-1/2

[Event "21st Czech GM Open"]
[Site "Pardubice CZE"]
[Date "2010.07.25"]
[Round "3"]
[White "Hoffmann,Pau"]
[Black "Franciskovic,B"]
[Result "0-1"]
[WhiteElo "2382"]
[BlackElo "2253"]
[EventDate "2010.07.23"]

1. e4 c6 2. d4 d5 3. exd5 cxd5 4. c4 Nf6 5. Nc3 g6 6. cxd5 Nxd5 7. Qb3 Nb6
8. Nf3 Bg7 9. Bb5+ Bd7 10. a4 O-O 11. a5 Nc8 12. Be2 Nc6 13. Bf4 Nd6 14.
Qa3 Nf5 15. d5 Ncd4 16. Nxd4 Nxd4 17. Bd3 e5 18. Be3 Bf5 19. O-O-O Re8 20.
Qa2 Rc8 21. Kb1 Rc5 22. Bxf5 gxf5 23. f4 Rxa5 24. Qc4 b5 25. Qd3 e4 26. Qf1
b4 27. Bxd4 bxc3 28. Bxg7 Kxg7 29. Qc4 cxb2 30. Qd4+ Qf6 31. Qxb2 Rb8 0-1

[Event "21st Czech GM Open"]
[Site "Pardubice CZE"]
[Date "2010.07.25"]
[Round "3"]
[White "Kalajzic,I"]
[Black "Koepke,C"]
[Result "1/2-1/2"]
[WhiteElo "2213"]
[BlackElo "2381"]
[EventDate "2010.07.23"]

1. d4 Nf6 2. Nc3 d5 3. Bg5 Nbd7 4. f3 c6 5. e4 dxe4 6. fxe4 e5 7. dxe5 Qa5
8. Bxf6 gxf6 9. e6 fxe6 10. a3 Nb6 11. b4 Qe5 12. Qd3 Na4 13. Nge2 Bg7 14.
O-O-O Nxc3 15. Qxc3 Qxe4 16. Ng3 Qg6 17. Qc5 Bd7 18. Bc4 f5 19. Nxf5 Bf8
20. Nd6+ Bxd6 21. Qxd6 O-O-O 22. Rhe1 Rhe8 23. Rd2 Qg4 24. Bb3 Qg5 25. Red1
e5 26. Kb1 Bg4 27. Qxd8+ Rxd8 28. Rxd8+ Kc7 29. Rg8 Qf4 30. Rd3 e4 31. Rg3
h5 32. Rg7+ Kb6 33. Rf7 Qd2 34. Kb2 e3 35. Re7 e2 36. Rge3 h4 37. Bc4 Qd4+
38. Kb3 Qa1 39. Bxe2 Qb1+ 40. Kc3 Qa1+ 41. Kd2 Qd4+ 42. Bd3 Qa1 43. Be2
Qd4+ 1/2-1/2

[Event "21st Czech GM Open"]
[Site "Pardubice CZE"]
[Date "2010.07.25"]
[Round "3"]
[White "Karavade,E"]
[Black "Zwardon,V"]
[Result "1/2-1/2"]
[WhiteElo "2378"]
[BlackElo "2247"]
[EventDate "2010.07.23"]

1. d4 Nf6 2. Nf3 b6 3. g3 Bb7 4. Bg2 e6 5. c4 Bb4+ 6. Bd2 Bxd2+ 7. Qxd2 O-O
8. Nc3 Ne4 9. Qc2 f5 10. Ne5 d5 11. cxd5 exd5 12. Rc1 c6 13. O-O Qd6 14. f3
Nxc3 15. Qxc3 Nd7 16. e4 fxe4 17. fxe4 Rxf1+ 18. Rxf1 Nxe5 19. dxe5 Qc5+
20. Qxc5 bxc5 21. exd5 cxd5 22. e6 Rf8 23. Rc1 c4 24. b3 cxb3 25. axb3 Rc8
26. Ra1 a6 27. Re1 Re8 28. Re5 g6 29. Bxd5 1/2-1/2

[Event "21st Czech GM Open"]
[Site "Pardubice CZE"]
[Date "2010.07.25"]
[Round "3"]
[White "Schueler,He"]
[Black "Sarkozy,L"]
[Result "1/2-1/2"]
[WhiteElo "2211"]
[BlackElo "2373"]
[EventDate "2010.07.23"]

1. d4 d5 2. Nf3 Nf6 3. c4 c6 4. Qc2 e6 5. g3 b6 6. Bg2 Bb7 7. O-O Nbd7 8.
b3 Be7 9. Rd1 O-O 10. Nc3 Qc7 11. Bf4 Bd6 12. Bxd6 Qxd6 13. e4 dxe4 14.
Nxe4 Nxe4 15. Qxe4 Qc7 16. Ne5 Rac8 17. Qe3 Rfd8 18. b4 Nxe5 19. dxe5 Rxd1+
20. Rxd1 Rd8 21. Rd4 Kf8 22. c5 Rxd4 23. Qxd4 Ba6 24. Qd6+ Qxd6 25. exd6
Bb5 26. Bf1 Ba4 27. Bd3 h6 28. f4 Ke8 29. Kf2 Kd7 30. Ke3 Bd1 31. Be2 Bc2
32. Bh5 f6 33. Kd4 b5 34. Be2 Bb1 35. a3 Bc2 36. h4 Bf5 37. Bf3 Bg6 38. Be2
1/2-1/2

[Event "21st Czech GM Open"]
[Site "Pardubice CZE"]
[Date "2010.07.25"]
[Round "3"]
[White "Hoffmann,Hen"]
[Black "Sabol,M"]
[Result "1/2-1/2"]
[WhiteElo "2209"]
[BlackElo "2371"]
[EventDate "2010.07.23"]

1. e4 g6 2. d4 Bg7 3. Nc3 c6 4. Nf3 d5 5. exd5 cxd5 6. Bf4 Nf6 7. h3 O-O 8.
Bd3 Nc6 9. O-O Nh5 10. Bh2 f5 11. Be5 Nf6 12. Qe2 e6 13. Rad1 Bd7 14. Bd6
Re8 15. Nb5 Rc8 16. Bh2 Ne4 17. c3 a6 18. Nd6 Nxd6 19. Bxd6 Na7 20. Be5 Bh6
21. Nd2 Bb5 22. Nb3 Ba4 23. Rde1 Bxb3 24. axb3 Nc6 25. b4 1/2-1/2

[Event "21st Czech GM Open"]
[Site "Pardubice CZE"]
[Date "2010.07.25"]
[Round "3"]
[White "Oresky,J"]
[Black "Strunski,A"]
[Result "0-1"]
[WhiteElo "2209"]
[BlackElo "2365"]
[EventDate "2010.07.23"]

1. e4 c5 2. Nf3 a6 3. c3 e6 4. d4 d5 5. e5 Bd7 6. Be2 Qb6 7. a3 Bb5 8. O-O
Bxe2 9. Qxe2 Ne7 10. dxc5 Qxc5 11. b4 Qc7 12. Bb2 Nd7 13. Nbd2 Nb6 14. c4
Nxc4 15. Nxc4 Qxc4 16. Qd2 Nc6 17. Rac1 Qb5 18. Nd4 Nxd4 19. Bxd4 Be7 20.
Bc5 Qd7 21. Bxe7 Qxe7 22. Rc5 O-O 23. Rfc1 Rfd8 24. Qd4 g6 25. Rc7 Rd7 26.
Qb6 Rxc7 27. Rxc7 Qg5 28. Qxb7 Rf8 29. Qxa6 Qxe5 30. Rc1 d4 31. Qd3 Rd8 32.
b5 Qd5 33. Rb1 e5 34. f3 f5 35. b6 e4 36. fxe4 fxe4 37. Qb3 Qxb3 38. Rxb3
d3 39. Rb1 e3 40. Kf1 Rf8+ 41. Ke1 Rf2 0-1

[Event "21st Czech GM Open"]
[Site "Pardubice CZE"]
[Date "2010.07.25"]
[Round "3"]
[White "Mons,L"]
[Black "Krapivin,Vl"]
[Result "0-1"]
[WhiteElo "2192"]
[BlackElo "2362"]
[EventDate "2010.07.23"]

1. d4 Nf6 2. c4 d6 3. Nc3 Nbd7 4. Nf3 c6 5. e4 e5 6. Be2 Be7 7. O-O O-O 8.
Re1 a6 9. d5 cxd5 10. cxd5 b5 11. a3 Nb6 12. Bd3 Bd7 13. b3 Qc7 14. Bd2 Qb7
15. Qe2 g6 16. Bg5 Kg7 17. Qb2 h6 18. Bh4 Bg4 19. Be2 Bxf3 20. Bxf6+ Bxf6
21. Bxf3 Nd7 22. Na2 Nc5 23. Rad1 a5 24. b4 Na4 25. Qb3 Bg5 26. Bg4 h5 27.
Be2 Rfc8 28. Rb1 axb4 29. Qxb4 Rc2 30. Qb3 Rd2 31. Nc3 Nc5 32. Qb4 Qb6 33.
Rf1 Qa5 34. Bxb5 Qxa3 35. Bc6 Qxb4 36. Rxb4 Ra7 37. g3 Rc2 38. Na4 Bd2 39.
Rb2 Rxb2 40. Nxb2 Nxe4 41. Na4 f5 42. Rb1 g5 43. h3 h4 44. gxh4 gxh4 45.
Rb7+ Rxb7 46. Bxb7 Bc3 47. Nxc3 Nxc3 0-1

[Event "21st Czech GM Open"]
[Site "Pardubice CZE"]
[Date "2010.07.25"]
[Round "3"]
[White "Nun,Ji"]
[Black "Savitskiy,S"]
[Result "0-1"]
[WhiteElo "2362"]
[BlackElo "2245"]
[EventDate "2010.07.23"]

1. e4 c5 2. Nf3 d6 3. c3 Nf6 4. Bc4 Nc6 5. d3 g6 6. Bb3 Bg7 7. O-O O-O 8.
h3 b5 9. Re1 a5 10. a4 b4 11. d4 Ba6 12. d5 Nb8 13. c4 Nfd7 14. Qe2 Nb6 15.
Nbd2 e6 16. dxe6 fxe6 17. Nf1 Nc6 18. N1h2 Kh8 19. Be3 e5 20. Rac1 Nd4 21.
Bxd4 cxd4 22. h4 Nd7 23. Ng5 Nc5 24. Bc2 b3 25. Bd3 h6 26. Ngf3 Nxa4 27. c5
Bxd3 28. Qxd3 Nxc5 29. Qd2 Kh7 30. h5 gxh5 31. Nf1 h4 32. N1h2 Qf6 33. g3
hxg3 34. fxg3 Qg6 35. Qe2 Qxg3+ 36. Kh1 d3 37. Qe3 Qf4 0-1

[Event "21st Czech GM Open"]
[Site "Pardubice CZE"]
[Date "2010.07.25"]
[Round "3"]
[White "Kosiorek,M"]
[Black "Linster,P"]
[Result "1/2-1/2"]
[WhiteElo "2359"]
[BlackElo "2244"]
[EventDate "2010.07.23"]

1. Nf3 Nf6 2. c4 g6 3. Nc3 Bg7 4. e4 d6 5. d4 O-O 6. Be2 e5 7. O-O Nc6 8.
d5 Ne7 9. Ne1 Nd7 10. a4 f5 11. f3 f4 12. a5 h5 13. Nd3 g5 14. b4 Ng6 15.
c5 Nf6 16. Nf2 Rf7 17. cxd6 cxd6 18. Nb5 Bf8 19. Ra3 Rg7 20. h3 Nh4 21. Rc3
g4 22. fxg4 hxg4 23. hxg4 a6 24. Na3 Nh5 25. Nh1 Nf6 26. Nf2 Nh5 27. Nh1
Nf6 28. Nf2 1/2-1/2

[Event "21st Czech GM Open"]
[Site "Pardubice CZE"]
[Date "2010.07.25"]
[Round "3"]
[White "Kuipers,S"]
[Black "Antipov,M2"]
[Result "1-0"]
[WhiteElo "2354"]
[BlackElo "2238"]
[EventDate "2010.07.23"]

1. e4 c5 2. Nf3 d6 3. d4 cxd4 4. Nxd4 Nf6 5. Nc3 g6 6. Be3 Bg7 7. f3 O-O 8.
Qd2 Nc6 9. Bc4 Bd7 10. O-O-O Ne5 11. Bb3 Qa5 12. Kb1 Rfc8 13. Bg5 Nc4 14.
Bxc4 Rxc4 15. Nb3 Qd8 16. e5 Ne8 17. Nd5 f6 18. exf6 exf6 19. Bh6 Rac8 20.
c3 Be6 21. Bxg7 Kxg7 22. Rhe1 Bf7 23. Re7 R8c7 24. Rxc7 Nxc7 25. Nxc7 Rxc7
26. Qxd6 Qc8 27. Nd4 Rc5 28. Re1 Qc7 29. Qe7 Qxe7 30. Rxe7 Re5 31. Rxe5
fxe5 32. Nb5 a6 33. Nd6 Bd5 34. c4 Bc6 35. Kc2 Kf6 36. Kd3 g5 37. b4 Ke6
38. Ne4 Kf5 39. Ke3 h5 40. a4 Bxa4 41. Nd6+ Kf6 42. Nxb7 Bb3 43. Kd3 g4 44.
fxg4 hxg4 45. Nc5 Ba2 46. Ne4+ Kf5 47. Nd2 Kf4 48. g3+ Kf5 49. Kc3 e4 50.
Kd4 1-0

[Event "21st Czech GM Open"]
[Site "Pardubice CZE"]
[Date "2010.07.25"]
[Round "3"]
[White "Studnicka,Toma"]
[Black "Novotny,M1"]
[Result "1-0"]
[WhiteElo "2346"]
[BlackElo "2237"]
[EventDate "2010.07.23"]

1. Nf3 g6 2. c4 Bg7 3. Nc3 c5 4. d4 d6 5. dxc5 Bxc3+ 6. bxc3 dxc5 7. Qc2
Qc7 8. e4 e5 9. Bd3 f6 10. Nd2 Nc6 11. Nf1 Be6 12. Ne3 O-O-O 13. O-O Qa5
14. Bd2 Nge7 15. Rab1 a6 16. Nd5 Bxd5 17. cxd5 Na7 18. c4 Qc7 19. Qa4 Rd6
20. Be3 Kb8 21. f4 Nec8 22. fxe5 fxe5 23. Qa3 1-0

[Event "21st Czech GM Open"]
[Site "Pardubice CZE"]
[Date "2010.07.25"]
[Round "3"]
[White "Kantans,T"]
[Black "Miskulin,D"]
[Result "1-0"]
[WhiteElo "2343"]
[BlackElo "2231"]
[EventDate "2010.07.23"]

1. d4 Nf6 2. c4 g6 3. Nc3 Bg7 4. e4 d6 5. Nf3 O-O 6. Be2 e5 7. d5 a5 8. h3
Na6 9. Be3 Nc5 10. Nd2 Ne8 11. g4 f5 12. exf5 gxf5 13. g5 e4 14. f4 exf3
15. Nxf3 Qe7 16. Bd4 Ne4 17. Rg1 f4 18. Nxe4 Qxe4 19. h4 Bf5 20. Kf2 c5 21.
dxc6 bxc6 22. Qd2 c5 23. Bxg7 Nxg7 24. Rge1 Qc6 25. Bf1 Rab8 26. Re7 Be4
27. Re1 Bxf3 28. Qc3 Nf5 29. Bd3 Nd4 30. Bxh7+ Kh8 31. Bc2 Bh1 32. Be4 Bxe4
33. R1xe4 Qb6 34. b3 Rb7 35. g6 Kg8 36. h5 Rxe7 37. Rxe7 d5 38. h6 Rd8 39.
Qe1 Qb8 40. Rg7+ Kh8 41. Qe7 1-0

[Event "21st Czech GM Open"]
[Site "Pardubice CZE"]
[Date "2010.07.25"]
[Round "3"]
[White "Kaphle,St"]
[Black "Ganor,D"]
[Result "0-1"]
[WhiteElo "2167"]
[BlackElo "2342"]
[EventDate "2010.07.23"]

1. e4 e6 2. d4 d5 3. e5 c5 4. c3 Nc6 5. Nf3 Qb6 6. a3 Bd7 7. b4 cxd4 8.
cxd4 Rc8 9. Be2 a5 10. b5 Nxd4 11. Nxd4 Rxc1 12. Qxc1 Qxd4 13. Qc3 Bc5 14.
O-O Qxc3 15. Nxc3 Bd4 16. Rac1 Bxe5 17. Na4 Ne7 18. Rc2 O-O 19. Nb6 Rd8 20.
Rfc1 Bf4 21. g3 Bxc1 22. Rxc1 Be8 23. Rc7 Nf5 24. a4 Nd6 25. f4 f6 26. f5
Nxf5 27. Bg4 d4 28. Nc4 d3 29. Bxf5 exf5 30. Nd2 Bh5 31. Rxb7 Re8 0-1

[Event "21st Czech GM Open"]
[Site "Pardubice CZE"]
[Date "2010.07.25"]
[Round "3"]
[White "Reinhart,E"]
[Black "Migot,Tangi"]
[Result "0-1"]
[WhiteElo "2336"]
[BlackElo "2229"]
[EventDate "2010.07.23"]

1. e4 c5 2. Nf3 d6 3. c3 Nf6 4. h3 Nc6 5. Bd3 Bd7 6. O-O Rc8 7. Re1 Ne5 8.
Bc2 g6 9. d3 Bg7 10. Nh2 O-O 11. d4 cxd4 12. cxd4 Nc6 13. Nc3 e5 14. Nf3
exd4 15. Nxd4 Nxd4 16. Ne2 Qb6 17. Nxd4 Ng4 18. hxg4 Bxd4 19. Be3 Bxe3 20.
Rxe3 Bxg4 21. Qxg4 Rxc2 22. b3 Rd2 23. a4 Qd4 24. Rf1 Rd3 25. Rfe1 Rxe3 26.
Rxe3 d5 27. Qe2 Qa1+ 28. Qe1 Qxe1+ 29. Rxe1 Re8 30. Rd1 Rxe4 31. Rxd5 Rb4
32. Rd3 Kg7 33. Kf1 Kf6 34. Rf3+ Ke6 35. Ke2 Rd4 36. Rc3 Kd7 37. Ke3 Rd6
38. Ke4 h5 39. f3 Ke6 40. Rc7 Rb6 41. Rc3 Rb4+ 42. Kd3 Ke5 43. Ke3 f5 44.
Rc5+ Kd6 45. Rc3 g5 46. Kf2 h4 47. Ke3 Ke5 48. Rc5+ Ke6 49. Rc3 Kd5 50. Kd2
Kd4 51. Rd3+ Ke5 52. Ke3 Rb6 53. Kf2 Rd6 54. Rc3 Rc6 55. Rd3 Rc2+ 56. Kf1
g4 57. fxg4 fxg4 58. Rd7 g3 0-1

[Event "21st Czech GM Open"]
[Site "Pardubice CZE"]
[Date "2010.07.25"]
[Round "3"]
[White "Lyell,M"]
[Black "Schuh,Di"]
[Result "0-1"]
[WhiteElo "2162"]
[BlackElo "2336"]
[EventDate "2010.07.23"]

1. e4 Nf6 2. e5 Nd5 3. c4 Nb6 4. d4 d6 5. exd6 cxd6 6. Nc3 g6 7. Be3 Bg7 8.
Rc1 O-O 9. b3 e5 10. dxe5 dxe5 11. Qxd8 Rxd8 12. c5 N6d7 13. Bc4 Nc6 14.
Nf3 h6 15. Ne4 Na5 16. Be2 f5 17. Nd6 e4 18. Nd2 Ne5 19. O-O Be6 20. f3
exf3 21. Nxf3 Nf7 22. Bd2 Nxd6 23. Bxa5 b6 24. cxb6 Nb7 25. Bc3 Bxc3 26.
Rxc3 axb6 27. Rc6 Rd6 28. Rxd6 Nxd6 29. Nd4 Bf7 30. a4 Ne4 31. Bf3 Rd8 32.
Bxe4 fxe4 33. Nc6 Rd2 34. b4 Kg7 35. Ne5 Be6 36. Re1 Kf6 37. Rxe4 Bd5 38.
Nd7+ Kf5 39. Re5+ Kf4 0-1

[Event "21st Czech GM Open"]
[Site "Pardubice CZE"]
[Date "2010.07.25"]
[Round "3"]
[White "Kovac,A"]
[Black "Bures,J"]
[Result "0-1"]
[WhiteElo "2128"]
[BlackElo "2332"]
[EventDate "2010.07.23"]

1. d4 Nf6 2. c4 c5 3. d5 b5 4. cxb5 a6 5. bxa6 g6 6. Nc3 Bxa6 7. g3 d6 8.
Bg2 Bg7 9. b3 Ne4 10. Bxe4 Bxc3+ 11. Bd2 Bxa1 12. Qxa1 f6 13. Nh3 Nd7 14.
Ng5 Nf8 15. h4 Rg8 16. Nh3 Bb7 17. Nf4 e5 18. Nd3 Ra7 19. O-O Qa8 20. a4
Bxd5 21. Bxd5 Qxd5 22. Be3 Qxb3 23. a5 Ne6 24. Rb1 Rxa5 25. Qxa5 Qxb1+ 26.
Kg2 Qb7+ 27. Kh2 Ke7 0-1

[Event "21st Czech GM Open"]
[Site "Pardubice CZE"]
[Date "2010.07.25"]
[Round "3"]
[White "Meenakshi,Sun"]
[Black "Turner,R"]
[Result "1-0"]
[WhiteElo "1840"]
[BlackElo "2191"]
[EventDate "2010.07.23"]

1. d4 e6 2. c4 f5 3. Nf3 Nf6 4. g3 c6 5. Bg2 d5 6. O-O Bd6 7. b3 Qe7 8. Ne5
Nbd7 9. Nd3 O-O 10. Nd2 b6 11. Bb2 a5 12. Nf3 Bb7 13. Nfe5 Rac8 14. Rc1
Rfd8 15. Nxd7 Nxd7 16. Qd2 Ra8 17. Qc2 Ba6 18. Rfe1 Rac8 19. Qb1 Bb8 20.
Rc2 Nf6 21. c5 b5 22. b4 a4 23. f3 Qf7 24. Qc1 Qh5 25. Nf2 g5 26. e4 dxe4
27. fxe4 f4 28. d5 fxg3 29. hxg3 Ng4 30. Nxg4 Qxg4 31. d6 Qxg3 32. Bf6 Rxd6
33. cxd6 Ba7+ 34. Rc5 h6 35. e5 Qg4 36. Re4 1-0

[Event "21st Czech GM Open"]
[Site "Pardubice CZE"]
[Date "2010.07.25"]
[Round "3"]
[White "Medunova,V"]
[Black "Doros,R"]
[Result "1/2-1/2"]
[WhiteElo "2083"]
[BlackElo "2331"]
[EventDate "2010.07.23"]

1. e4 c5 2. Nf3 d6 3. d4 cxd4 4. Nxd4 Nf6 5. Nc3 a6 6. Bg5 Nbd7 7. f4 Qc7
8. Qf3 h6 9. Bh4 g5 10. fxg5 hxg5 11. Bxg5 Qc5 12. Nf5 e6 13. Bxf6 Nxf6 14.
Nxd6+ Bxd6 15. Qxf6 Bg3+ 16. Kd2 Be5 17. Qf3 b5 18. Rd1 Bd7 19. Kc1 b4 20.
Rxd7 Kxd7 21. Na4 Qd6 22. Qxf7+ Kc6 23. Be2 Rad8 24. Qa7 Qd2+ 25. Kb1 Qxe2
26. Qc5+ Kb7 27. Qb6+ Ka8 28. Qc6+ Ka7 1/2-1/2

[Event "21st Czech GM Open"]
[Site "Pardubice CZE"]
[Date "2010.07.26"]
[Round "4"]
[White "Rakhmanov,Ale"]
[Black "Panarin,M"]
[Result "1-0"]
[WhiteElo "2590"]
[BlackElo "2531"]
[EventDate "2010.07.23"]

1. d4 d5 2. c4 c6 3. cxd5 cxd5 4. Nf3 Nf6 5. Nc3 Nc6 6. Bf4 a6 7. Ne5 Bd7
8. e3 e6 9. Bd3 Nxe5 10. Bxe5 Bc6 11. O-O Be7 12. f4 O-O 13. f5 Bd6 14. Qf3
Bxe5 15. dxe5 d4 16. Qh3 dxc3 17. Rad1 Nh5 18. fxe6 g6 19. exf7+ Kg7 20.
Bxg6 hxg6 21. Rxd8 Raxd8 22. e6 c2 23. e4 Nf4 24. Qc3+ Kh6 25. Qe3 Rd1 26.
Qxf4+ Kg7 27. Qf6+ Kh7 28. e7 c1=Q 29. exf8=N+ Kh6 1-0

[Event "21st Czech GM Open"]
[Site "Pardubice CZE"]
[Date "2010.07.26"]
[Round "4"]
[White "Ghaem Maghami,E"]
[Black "Akesson,R"]
[Result "1/2-1/2"]
[WhiteElo "2585"]
[BlackElo "2470"]
[EventDate "2010.07.23"]

1. e4 c6 2. c4 d5 3. exd5 cxd5 4. d4 Nf6 5. Nc3 e6 6. Nf3 Bb4 7. cxd5 Nxd5
8. Bd2 Nc6 9. Bd3 O-O 10. O-O Nf6 11. Be3 Be7 12. a3 b6 13. Qe2 Bb7 14.
Rad1 Qc7 15. Rfe1 Rad8 16. Bb1 Rfe8 17. Bg5 Qb8 18. Qc2 g6 19. Qc1 Nh5 20.
d5 Bxg5 21. Qxg5 exd5 22. Rxe8+ Rxe8 23. Nxd5 Qd8 24. Qh6 Nf6 25. Ba2 Nxd5
26. Bxd5 Qe7 27. h4 Qf8 28. Qf4 Nd8 29. Bxb7 Nxb7 30. Rd7 Re7 31. Qc7 Rxd7
32. Qxd7 Qb8 33. Qe7 Nd6 34. Ne5 Qf8 35. Qxa7 Qe8 36. Nf3 Qc6 37. Kh2 Nc4
38. Ne5 Qf6 39. Nxc4 Qxh4+ 40. Kg1 Qxc4 41. Qxb6 Qc1+ 42. Kh2 Qh6+ 43. Kg1
Qc1+ 44. Kh2 Qh6+ 45. Kg3 Qg5+ 46. Kf3 Qd5+ 47. Kg3 Qg5+ 48. Kf3 Qd5+ 49.
Ke3 Qxg2 50. a4 Qh3+ 51. f3 Qf1 52. Qd8+ Kg7 53. Qd4+ f6 54. Qd7+ Kh6 55.
Qd2 g5 56. b4 f5 57. b5 f4+ 58. Ke4 Qc4+ 59. Qd4 Qe6+ 60. Qe5 Qc4+ 61. Kf5
Qc8+ 62. Kf6 Qf8+ 63. Ke6 g4 64. b6 gxf3 65. b7 Qe8+ 66. Kf5 Qg6+ 67. Kxf4
f2 68. Qe2 1/2-1/2